| 000 | 00541nam a22001577a 4500 | ||
|---|---|---|---|
| 005 | 20251108165235.0 | ||
| 008 | 250721s1967 xx 000 0 ara d | ||
| 082 | 1 | 4 | _a956.94/انج |
| 100 | 1 | _aالحلو، انجلينا | |
| 245 | 1 | 0 | _aعوامل تكوين إسرائيل السياسية والعسكرية والأقتصادية / |
| 264 | 1 |
_aبيروت : _bمنظمة التحرير الفلسطينية - مركز الأبحاث، _c1967. |
|
| 300 | _a198ص | ||
| 650 | 1 | 7 | _aالصهيونية |
| 942 |
_2ddc _cBK |
||
| 999 |
_c22992 _d22992 |
||